El heredero de Tartessos / (Record no. 193225)
[ view plain ]
| 000 -LEADER | |
|---|---|
| campo de control de longitud fija | 02305nam a2200409 i 4500 |
| 001 - NÚMERO DE CONTROL | |
| campo de control | 193225 |
| 003 - IDENTIFICADOR DE NÚMERO DE CONTROL | |
| campo de control | SpMaBN |
| 005 - FECHA Y HORA DE LA ÚLTIMA TRANSACCIÓN | |
| campo de control | 20250807124652.0 |
| 007 - CAMPO FIJO DE DESCRIPCIÓN FÍSICA--INFORMACIÓN GENERAL | |
| campo de control de longitud fija | ta |
| 008 - DATOS DE LONGITUD FIJA--INFORMACIÓN GENERAL | |
| campo de control de longitud fija | 120921s2012 sp | |||| 000 f spa |
| 017 ## - NÚMERO DE COPYRIGHT O DE DEPÓSITO LEGAL | |
| Número de copyright o de depósito legal | M 7542-2018 |
| Agencia que asigna | Oficina Depósito Legal Madrid |
| 020 ## - NÚMERO INTERNACIONAL ESTÁNDAR DEL LIBRO | |
| Número Internacional Estándar del Libro | 9788494728365 |
| 035 ## - NÚMERO DE CONTROL DEL SISTEMA | |
| Número de control de sistema | a5261924 |
| 040 ## - FUENTE DE CATALOGACIÓN | |
| Centro catalogador/agencia de origen | SpMaBN |
| Lengua de catalogación | spa |
| Centro/agencia transcriptor | SpMaBN |
| Normas de descripción | rdc |
| 080 ## - NÚMERO DE LA CLASIFICACIÓN DECIMAL UNIVERSAL | |
| Número de la Clasificación Decimal Universal | 821.134.2-31"19" |
| 100 1# - ENTRADA PRINCIPAL--NOMBRE DE PERSONA | |
| Nombre de persona | Gonzalo Aizpiri, Arturo, |
| Fechas asociadas al nombre | 1963- |
| Número de control del registro de autoridad o número normalizado | XX955489 |
| Término indicativo de función/relación | Autor |
| 9 (RLIN) | 234343 |
| 245 13 - MENCIÓN DEL TÍTULO | |
| Título | El heredero de Tartessos / |
| Mención de responsabilidad, etc. | Arturo Gonzalo Aizpiri |
| 250 ## - MENCION DE EDICION | |
| Mención de edición | Segunda edición 2018 |
| 260 ## - PUBLICACIÓN, DISTRIBUCIÓN, ETC. | |
| Lugar de publicación, distribución, etc. | [Madrid] : |
| Nombre del editor, distribuidor, etc. | Evohé, |
| Fecha de publicación, distribución, etc. | 2018 |
| 300 ## - DESCRIPCIÓN FÍSICA | |
| Extensión | 407 páginas ; |
| Dimensiones | 24 cm |
| 336 ## - TIPO DE CONTENIDO | |
| Término de tipo de contenido | Texto (visual) |
| Fuente | isbdcontent |
| 337 ## - TIPO DE MEDIO | |
| Nombre/término del tipo de medio | sin mediación |
| Fuente | isbdmedia |
| 338 ## - TIPO DE SOPORTE | |
| Fuente | rdacarrier |
| Nombre/término del tipo de soporte | volumen |
| 490 1# - MENCIÓN DE SERIE | |
| Mención de serie | Novela histórica |
| 500 ## - NOTA GENERAL | |
| Nota general | Glosario |
| 504 ## - NOTA DE BIBLIOGRAFÍA, ETC. | |
| Nota de bibliografía, etc. | Bibliografía: página 407 |
| 520 ## - RESUMEN, ETC. | |
| Sumario, etc. | Una tarde de comienzos de verano, junto a un cruce de caminos en el corazón de los montes ólcades, un joven celtíbero es testigo de un combate entre soldados cartagineses y guerreros oretanos. El celtíbero se ve impulsado a tomar partido, y esa decisión lo conducirá a conocer aspectos insospechados de su propio pasado y a jugar un papel protagonista en los trascendentales acontecimientos que están a punto de cambiar el destino de Ispania.<br/>La huella del legendario reino de Tartessos, el avance irresistible de Amílcar Barca por el valle del Betis y la resistencia desesperada de la ciudad íbera de Hélike, se entrelazan en un fascinante fresco histórico, que recrea aquel tiempo en que las serranías del interior de la península ibérica se convirtieron de pronto en el escenario decisivo de la lucha por el poder en el mundo antiguo. |
| 655 #7 - TERMINO DE INDIZACIÓN--GENERO/FORMA | |
| Datos o término principal de género/forma | Novelas históricas |
| Fuente del término | tgfbne |
| 9 (RLIN) | 226782 |
| 830 ## - PUNTO DE ACCESO ADICIONAL DE SERIE-TÍTULO UNIFORME | |
| Título uniforme | Novelas históricas |
| 9 (RLIN) | 183759 |
| 852 ## - LOCALIZACIÓN | |
| Ubicación | ES-MaACL |
| Sublocalización o colección | R. 154621 |
| Ubicación en estantería | Depósito J |
| itemnumber | 200646 |
| Donativo/Legado | Donación: Arturo Gonzalo Aizpiri |
| Encuadernación | Encuadernación rústica con solapas |
| 903 ## - NOMBRE PERSONAL DE DONANTE | |
| a | Gonzalo Aizpiri, Arturo, |
| d | 1963- |
| e | Donante |
| 9 | 234343 |
| 942 ## - ELEMENTOS DE ENTRADA SECUNDARIOS (KOHA) | |
| Suprimir en OPAC | No |
| Tipo de ítem Koha | Libro impreso |
| Estatus retirado | Estado de pérdida | Fuente del sistema de clasificación o colocación | Estado de daño | No para préstamo | Biblioteca de origen | Biblioteca actual | Ubicación en estantería | Fecha de adquisición | Fuente de adquisición | Número de control de estantería | Total de préstamos | Signatura topográfica completa | Código de barras | Visto por última vez | Tipo de ítem Koha |
|---|---|---|---|---|---|---|---|---|---|---|---|---|---|---|---|
| Clasificación decimal universal | Biblioteca del Ateneo de Madrid | Biblioteca del Ateneo de Madrid | Depósito J | 17/10/2023 | Donación | Ateneísta | N-9387 | 101205935 | 17/10/2023 | Libro impreso |
